| 000 | 00647nam a2200229Ia 4500 | ||
|---|---|---|---|
| 003 | OSt | ||
| 005 | 20230317092613.0 | ||
| 008 | 210423s2007 xx 000 0 und d | ||
| 020 | _a761935576 | ||
| 040 | _cAL | ||
| 041 | _aeng | ||
| 082 |
_a338.5 _223 _bPELS |
||
| 100 |
_aPELLE (Stefano) _975989 |
||
| 245 | _aUnderstanding emerging markets: building business brick by brick | ||
| 260 |
_aNew Delhi _bResponse Books _c2007 |
||
| 300 |
_a246 _bPB |
||
| 365 |
_b295 _cINR |
||
| 650 |
_aEconomics _975990 |
||
| 650 |
_aMicroeconomics _975991 |
||
| 906 | _abrick ; building ; business ; emerging ; markets: ; Understanding | ||
| 942 |
_2ddc _cBK |
||
| 999 |
_c155570 _d155570 |
||